Dictionary of science (Record no. 36555)

MARC details
000 -LEADER
fixed length control field 00293nam a2200121Ia 4500
082 ## - DEWEY DECIMAL CLASSIFICATION NUMBER
Classification number 6(038)
Item number UVA
100 ## - MAIN ENTRY--AUTHOR NAME
Personal name Chapman, D R
245 #0 - TITLE STATEMENT
Title Dictionary of science
260 ## - PUBLICATION, DISTRIBUTION, ETC. (IMPRINT)
Place of publication Great Britain
Name of publisher ELBS
Year of publication 1979
700 ## - ADDED ENTRY--PERSONAL NAME
Personal name Uvarov, E B
942 ## - ADDED ENTRY ELEMENTS (KOHA)
Koha item type Books
Holdings
Withdrawn status Lost status Damaged status Not for loan Home library Current library Date acquired Cost, normal purchase price Full call number Accession Number Koha item type
        RRII Library RRII Library 16/12/2021 21.25 6(038) UVA 16961 Books